| 000 | 04317nam0a2200493 4500 | ||
|---|---|---|---|
| 001 | RU\NLR\BIBL_A\011343002 | ||
| 005 | 20260407150710.0 | ||
| 020 |
_aRU _b503(3) _9Сводный каталог листовок первых лет Советской власти (25 октября (7 ноября) 1917 - 1925) Т.1. Листовки высших органов государственной власти и управления, центральных партийных, профсоюзных, комсомольских и других организаций. Ч.1.-2 |
||
| 035 | _a(NLR Aleph) 011343002 | ||
| 090 |
_a11202792 _c11202792 |
||
| 100 | _a20170310d1919 |||y0rusy50 ca | ||
| 101 | 0 | _arus | |
| 102 | _aRU | ||
| 105 | _ay z 000zy | ||
| 135 | _acrgn 008apaba | ||
| 200 | 1 |
_aДекрет об обязательной регистрации бывших помещиков, капиталистов и лиц, занимавших ответственные должности в царском и буржуазном строе: Москва, Кремль, 23 сент. 1919 г. _aИнструкция Народного комиссариата внутренних дел о порядке регистрации бывших помещиков, капиталистов и лиц, занимавших ответственные должности в царском и буржуазном строе _e[листовка] |
|
| 210 |
_aСапожок _cТип. Отд. нар. образ. _d[1919, сент.] |
||
| 215 |
_a1 с. в 3 стб. _d44х29 |
||
| 300 | _aПодписи: под 1-м док. - председатель Совета Народных Комиссаров В. Ульянов (Ленин); управляющий делами В. Бонч-Бруевич; секретарь Л. Фотиева; под 2-м док. - заместитель Народного комиссариата внутренних М. Владимирский. | ||
| 300 | _aВ конце листовки: Дополнение декрета..., 30 сент. 1919 г. Председатель Сапожковского уисполкома Сучков; и. д. заведующий Отделом управления С. Кузнецов | ||
| 300 | _a"Выписка из газ. Известия ВЦИК С. от 27 сент.1919 г. за № 215/767" | ||
| 325 | 1 | _aКопия доступна в Электронной библиотеке РНБ | |
| 607 |
_aРСФСР _jЛистовки _xПолитика и управление _y1917 - 1925 _92312782 _3RU\NLR\auth\6601609564 |
||
| 686 | 0 | _aТ3(2)71-313,011 | |
| 702 | 1 |
_4720 _8rus _7ca _aЛенин _bВ. И. _f1870-1924 _gВладимир Ильич _3RU\NLR\AUTH\773584 _9113579 |
|
| 702 | 1 |
_4720 _8rus _7ca _aБонч-Бруевич _bВ. Д. _f1873-1955 _gВладимир Дмитриевич _3RU\NLR\AUTH\7784347 _967275 |
|
| 702 | 1 |
_4720 _7ca _8rus _aФотиева _bЛ. А. _cдеятель революц. движения _f1881-1975 _gЛидия Александровна _9170151 _3RU\NLR\AUTH\770170201 |
|
| 702 | 1 |
_aВладимирский _bМ. _4720 |
|
| 702 | 1 |
_aСучков _4570 |
|
| 702 | 1 |
_4570 _7ca _8rus _aКузнецов _bС. _cучастник революционного движения, г.Сапожок _9196588 _3RU\NLR\AUTH\770196639 |
|
| 711 | 0 | 1 |
_aРСФСР _bСовет народных комиссаров _3RU\NLR\AUTH\8810025813 _9549853 |
| 711 | 0 | 1 |
_aРСФСР _bНародный комиссариат внутренних дел _3RU\NLR\AUTH\8810025839 _9549909 |
| 712 | 0 | 2 |
_4570 _a"Известия ВЦИК", газета _cМосква _9551198 _3RU\NLR\AUTH\880443606 |
| 712 | 0 | 2 |
_aСапожковский уездный исполнительный комитет Советов _9457985 _3RU\NLR\AUTH\880395820 |
| 740 | 1 |
_aРСФСР _c1917-1922 _tЗаконы и постановления _9551047 _3RU\NLR\AUTH\880443530 |
|
| 852 | 0 | 0 |
_aNLR _bФЛ _j13/169 |
| 942 | _cBOOK | ||
| 980 | _aNB | ||
| 981 | 2 | 1 |
_a(21) Листовки _b(21) Листовки 1919 года |